<?xml version="1.0" encoding="UTF-8"?>
<record
    xmlns:xsi="http://www.w3.org/2001/XMLSchema-instance"
    xsi:schemaLocation="http://www.loc.gov/MARC21/slim http://www.loc.gov/standards/marcxml/schema/MARC21slim.xsd"
    xmlns="http://www.loc.gov/MARC21/slim">

  <leader>02992nab a2200289uuc4500</leader>
  <controlfield tag="001">1566044</controlfield>
  <controlfield tag="005">20240202134953.0</controlfield>
  <controlfield tag="007">cr|||||||</controlfield>
  <controlfield tag="008">220104m01uu2022                    spa  </controlfield>
  <datafield tag="035" ind1=" " ind2=" ">
    <subfield code="a">1566044</subfield>
  </datafield>
  <datafield tag="040" ind1=" " ind2=" ">
    <subfield code="c">comduadb</subfield>
  </datafield>
  <datafield tag="041" ind1=" " ind2=" ">
    <subfield code="a">spa</subfield>
  </datafield>
  <datafield tag="100" ind1="1" ind2="0">
    <subfield code="a">Penagos Tasc&#xF3;n, Laura </subfield>
    <subfield code="4">aut</subfield>
    <subfield code="e">aut</subfield>
    <subfield code="9">816623</subfield>
  </datafield>
  <datafield tag="245" ind1="1" ind2="0">
    <subfield code="a">Caracter&#xED;sticas epidemiol&#xF3;gicas, cl&#xED;nicas y microbiol&#xF3;gicas de la infecci&#xF3;n del tracto urinario neonatal en un hospital en Medell&#xED;n, 2013-2017</subfield>
  </datafield>
  <datafield tag="336" ind1=" " ind2=" ">
    <subfield code="a">texto</subfield>
    <subfield code="b">txt</subfield>
    <subfield code="0">(uri)http://www.rdaregistry.info/termList/RDAContentType/#1020</subfield>
    <subfield code="2">rdacontent</subfield>
  </datafield>
  <datafield tag="520" ind1="3" ind2=" ">
    <subfield code="a">RESUMEN: Objetivo: describir las caracter&#xED;sticas epidemiol&#xF3;gicas, cl&#xED;nicas y microbiol&#xF3;gicas de la infecci&#xF3;n del tracto urinario neonatal. M&#xE9;todos: estudio descriptivo retrospectivo en neonatos con infecci&#xF3;n urinaria hospitalizados en una instituci&#xF3;n de Medell&#xED;n entre enero del 2013 y diciembre del 2017. Se recolectaron datos de las historias cl&#xED;nicas. Las variables cualitativas se expresaron en forma de frecuencias absolutas y relativas, las cuantitativas se presentaron como promedio y desviaci&#xF3;n est&#xE1;ndar o mediana y rangos intercuart&#xED;licos. Resultados: se incluyeron 65 pacientes. Los uropat&#xF3;genos m&#xE1;s comunes fueron Escherichia coli (52 %) y Enterococcus faecalis (20 %). Las manifestaciones cl&#xED;nicas m&#xE1;s frecuentes fueron la fiebre (46 %), la ictericia (38 %) y las apneas (15 %). La prote&#xED;na C reactiva elevada se present&#xF3; en el 28 % de los casos. En el uroan&#xE1;lisis, el hallazgo anormal predominante fueron las esterasas leucocitarias en el 65 %. Hubo 15 casos (23 %) de infecciones nosocomiales. Por ecograf&#xED;a renal se encontr&#xF3; una malformaci&#xF3;n genitourinaria en el 25 % de los pacientes. De los 35 neonatos con cistouretrograf&#xED;a miccional hospitalaria, el 17 % ten&#xED;a reflujo vesicoureteral, el 67 % tuvo ecograf&#xED;a renal normal y el 83 % tuvo un aislamiento diferente a Escherichia coli. Dos pacientes presentaron bacteriemia y uno  meningitis. Conclusi&#xF3;n: la infecci&#xF3;n urinaria neonatal tuvo manifestaciones cl&#xED;nicas variadas, donde la fiebre y la prote&#xED;na C reactiva no fueron marcadores comunes e la respuesta inflamatoria. En este estudio una ecograf&#xED;a renal normal no descarta la posibilidad del reflujo vesicoureteral, por ello debe tenerse en cuenta otros criterios para seleccionar los pacientes que  requieren de estudio de reflujo.</subfield>
  </datafield>
  <datafield tag="650" ind1=" " ind2=" ">
    <subfield code="a">Infecciones urinarias</subfield>
    <subfield code="9">69762</subfield>
  </datafield>
  <datafield tag="650" ind1=" " ind2=" ">
    <subfield code="a">Reci&#xE9;n nacido</subfield>
    <subfield code="9">37205</subfield>
  </datafield>
  <datafield tag="650" ind1=" " ind2=" ">
    <subfield code="a">Reflujo vesicoureteral</subfield>
    <subfield code="9">109024</subfield>
  </datafield>
  <datafield tag="650" ind1=" " ind2=" ">
    <subfield code="a">Fiebre en ni&#xF1;os</subfield>
    <subfield code="9">226676</subfield>
  </datafield>
  <datafield tag="700" ind1="1" ind2="0">
    <subfield code="a">Atehort&#xFA;a Baena, Pahola</subfield>
    <subfield code="4">aut</subfield>
    <subfield code="e">aut</subfield>
    <subfield code="9">620615</subfield>
  </datafield>
  <datafield tag="700" ind1="1" ind2="0">
    <subfield code="a">Rodr&#xED;guez Padilla, Libia Mar&#xED;a</subfield>
    <subfield code="4">aut</subfield>
    <subfield code="e">aut</subfield>
    <subfield code="9">609379</subfield>
  </datafield>
  <datafield tag="700" ind1="1" ind2="0">
    <subfield code="a">Hoyos Orrego, Alvaro</subfield>
    <subfield code="4">aut</subfield>
    <subfield code="e">aut</subfield>
    <subfield code="9">527128</subfield>
  </datafield>
  <datafield tag="773" ind1="0" ind2=" ">
    <subfield code="t">Iatreia : Revista M&#xE9;dica Universidad de Antioquia (Medell&#xED;n)</subfield>
    <subfield code="g">Volumen 35, N&#xFA;mero 01, Enero de 2022, 11-20</subfield>
    <subfield code="w">318124</subfield>
    <subfield code="x">0121-0793</subfield>
    <subfield code="0">105489</subfield>
  </datafield>
  <datafield tag="856" ind1="4" ind2=" ">
    <subfield code="u">https://revistas.udea.edu.co/index.php/iatreia/article/view/343564</subfield>
  </datafield>
  <datafield tag="942" ind1=" " ind2=" ">
    <subfield code="c">ARIMP</subfield>
  </datafield>
  <datafield tag="999" ind1=" " ind2=" ">
    <subfield code="c">839861</subfield>
    <subfield code="d">839861</subfield>
  </datafield>
</record>
